000 00627nam a2200205 i 4500
001 86815
003 ES-MaACL
005 20250208063126.0
007 t|
008 041215q19001999sp ||||1| cat d
100 1 _aKipling, Rudyard,
_d1865-1936
_968087
245 1 3 _aEl llibre de la jungla /
_cRudyard Kipling ; traducció de María Manent.
260 _a[Barcelona :
_bEditorial Catalana,
_c19--?]
300 _a169 p. ;
_c19 cm.
490 1 _aBiblioteca literaria
700 1 _aManent, María.
_975976
830 0 _aBiblioteca literaria
_9183370
852 _aES-MaACL
_jG-7701
999 _c86815
_d86815